| 000 | 00403nam a22001337a 4500 | ||
|---|---|---|---|
| 005 | 20251223144722.0 | ||
| 008 | 251223b |||||||| |||| 00| 0 eng d | ||
| 020 | _a1-888777-49-4 | ||
| 050 | _aPE 1591 .N49 2001 | ||
| 245 | _aTHE NEW INTERNATIONAL WEBSTER'S POCKET THESAURURUS OF THE ENGLISH LANGUAGE | ||
| 260 |
_aAUSTRALIA _bTRIDENT PRESS INTERNATIONAL _c2001 |
||
| 300 | _a318P. | ||
| 942 |
_2lcc _cREF |
||
| 999 |
_c216391 _d216391 |
||